The jail and the community: Comparing jails in rural and urban contexts
| VerfasserInnen: | ; |
|---|---|
| Medienart: | Elektronisch Aufsatz |
| Sprache: | Englisch |
| Veröffentlicht: |
2008
|
| In: |
The prison journal
Jahr: 2008, Band: 88, Heft: 2, Seiten: 252-269 |
| Online-Zugang: |
Vermutlich kostenfreier Zugang Volltext (lizenzpflichtig) |
| Verfügbarkeit prüfen: | HBZ Gateway |
MARC
| LEADER | 00000caa a22000002c 4500 | ||
|---|---|---|---|
| 001 | 1912600218 | ||
| 003 | DE-627 | ||
| 005 | 20250124055004.0 | ||
| 007 | cr uuu---uuuuu | ||
| 008 | 241217s2008 xx |||||o 00| ||eng c | ||
| 024 | 7 | |a 10.1177/0032885508319207 |2 doi | |
| 035 | |a (DE-627)1912600218 | ||
| 035 | |a (DE-599)KXP1912600218 | ||
| 040 | |a DE-627 |b ger |c DE-627 |e rda | ||
| 041 | |a eng | ||
| 084 | |a 2,1 |2 ssgn | ||
| 100 | 1 | |a Applegate, Brandon K. |e VerfasserIn |0 (DE-588)1218198184 |0 (DE-627)1733644164 |4 aut | |
| 109 | |a Applegate, Brandon K. |a Applegate, Brandon | ||
| 245 | 1 | 4 | |a The jail and the community: Comparing jails in rural and urban contexts |
| 264 | 1 | |c 2008 | |
| 336 | |a Text |b txt |2 rdacontent | ||
| 337 | |a Computermedien |b c |2 rdamedia | ||
| 338 | |a Online-Ressource |b cr |2 rdacarrier | ||
| 700 | 1 | |a Sitren, Alicia H. |e VerfasserIn |4 aut | |
| 773 | 0 | 8 | |i Enthalten in |t The prison journal |d London : Sage, 1921 |g 88(2008), 2, Seite 252-269 |h Online-Ressource |w (DE-627)324534272 |w (DE-600)2028491-3 |w (DE-576)096930292 |x 1552-7522 |7 nnas |
| 773 | 1 | 8 | |g volume:88 |g year:2008 |g number:2 |g pages:252-269 |
| 787 | 0 | 8 | |i Forschungsdaten |a United States Department of Justice. Office of Justice Programs. Bureau of Justice Statistics |t National Jail Census, 1999 |d [Erscheinungsort nicht ermittelbar] : [Verlag nicht ermittelbar], 2002 |w (DE-627)1840054808 |
| 856 | |u https://stars.library.ucf.edu/facultybib2000/78 |x unpaywall |z Vermutlich kostenfreier Zugang |h repository [deprecated] | ||
| 856 | 4 | 0 | |u https://doi.org/10.1177/0032885508319207 |x Resolving-System |z lizenzpflichtig |3 Volltext |7 1 |
| 935 | |a mkri | ||
| 951 | |a AR | ||
| ELC | |a 1 | ||
| LOK | |0 000 xxxxxcx a22 zn 4500 | ||
| LOK | |0 001 4637565731 | ||
| LOK | |0 003 DE-627 | ||
| LOK | |0 004 1912600218 | ||
| LOK | |0 005 20241217044629 | ||
| LOK | |0 008 241217||||||||||||||||ger||||||| | ||
| LOK | |0 035 |a (DE-2619)ICPSR64191 | ||
| LOK | |0 040 |a DE-2619 |c DE-627 |d DE-2619 | ||
| LOK | |0 092 |o n | ||
| LOK | |0 852 |a DE-2619 | ||
| LOK | |0 852 1 |9 00 | ||
| LOK | |0 935 |a nacp | ||
| LOK | |0 939 |a 17-12-24 |b l01 | ||
| OAS | |a 1 | ||
| ORI | |a SA-MARC-krimdoka001.raw | ||
